000 01247nas a2200277 i 4500
003 DO-SdUA
005 20250721153159.0
007 ta
008 250721e2009 dr u p|r || | spa d
035 _a(DO-SdUA)66019
040 _aDO-SdUA
_bspa
_cDO-SdUA
_dDO-SdBNP
_erda
041 0 _aspa
110 2 _aBanco Central de la República Dominicana.
_bCámara de Comercio y Producción de Santo Domingo.
_988403
245 1 3 _aEl mercantil :
_bpara los líderes de hoy y del mañana /
_cCámara de Comercio y Producción de Santo Domingo.
264 _aSanto Domingo, República Dominicana :
_bBanco Central de la República Dominicana.
_bCámara de Comercio y Producción de Santo Domingo,
_c2009-.
300 _avolumen :
_bilustraciones, fotografías ;
_c40 cm.
310 _aDesconocida.
336 _atexto
_btxt
_2rdacontent
337 _asin mediación
_bn
_2rdamedia
338 _avolumen
_bnc
_2rdacarrier
362 _aOctubre 2009.
650 7 _aEconomía
_vPublicaciones periódicas
_2lemb
_988404
_zRepública Dominicana
650 7 _aFondo Monetario Internacional (FMI)
_vPublicaciones periódicas
_2lemb
_988405
_zRepública Dominicana
650 0 _aDiarios dominicanos
_xHistoria
_vPublicaciones periódicas
_91041
942 _2ddc
_cISSUE
999 _c59592
_d59592